La indagacion del ser : (Registro nro. 9097)

Detalles MARC
000 -LEADER
fixed length control field 01120nam a2200289 4500
001 - CONTROL NUMBER
control field 0000015062
003 - CONTROL NUMBER IDENTIFIER
control field CO-CtgCURN
005 - DATE AND TIME OF LATEST TRANSACTION
control field 20250329174204.0
008 - FIXED-LENGTH DATA ELEMENTS--GENERAL INFORMATION
fixed length control field 160627s1996 000 0 eng d
020 ## - INTERNATIONAL STANDARD BOOK NUMBER
International Standard Book Number 9686733213
040 ## - CATALOGING SOURCE
Original cataloging agency CO-CtgCURN
Language of cataloging spa
Transcribing agency coctgcurn
082 0# - DEWEY DECIMAL CLASSIFICATION NUMBER
Classification number 111
Item number S13c
100 1# - MAIN ENTRY--PERSONAL NAME
Personal name Sadhu Om, Sri.
245 13 - TITLE STATEMENT
Title La indagacion del ser :
Remainder of title el camino de Sri Ramana Maharshi /
Statement of responsibility, etc. Sri Sadhu Om.
260 ## - PUBLICATION, DISTRIBUTION, ETC.
Place of publication, distribution, etc. Mexico :
Name of publisher, distributor, etc. Yug,
Date of publication, distribution, etc. 1996.
300 ## - PHYSICAL DESCRIPTION
Extent 202 p.
336 ## - CONTENT TYPE
Source rdacontent
337 ## - MEDIA TYPE
Source rdamedia
Media type term sin mediacion
Media type code n
338 ## - CARRIER TYPE
Source rdacarrier
Carrier type term volumen
Carrier type code nc
490 1# - SERIES STATEMENT
Series statement Esoterismo y realidad
500 ## - GENERAL NOTE
General note Titulo original: The path of Sri Ramana. Part one.
505 8# - FORMATTED CONTENTS NOTE
Formatted contents note La felicidad eterna es la meta.--℗ʺQue es la felicidad?.--La autoindagacion es el unico camino a la felicidad.--℗ʺQuien soy yo?.--La indagacion ℗ʺQuien soy yo? y los cuatro yogas.--℗ʺQuien soy yo? no es soham bhavana.--La indagacion del ser
650 #0 - SUBJECT ADDED ENTRY--TOPICAL TERM
Topical term or geographic name entry element Filosofia alemana.
908 ## - PUT COMMAND PARAMETER (RLIN)
Put command parameter 160627
942 ## - ADDED ENTRY ELEMENTS (KOHA)
Koha item type Libros
Classification part 111
Item part S13c
Source of classification or shelving scheme Dewey Decimal Classification
999 ## - SYSTEM CONTROL NUMBERS (KOHA)
-- 1
Existencias
Withdrawn status Lost status Source of classification or shelving scheme Damaged status Not for loan Home library Current library Shelving location Date acquired Inventory number Total checkouts Full call number Barcode Date last seen Price effective from Koha item type Public note
    Dewey Decimal Classification     Miguel Henríquez Castañeda Miguel Henríquez Castañeda General 03/04/2019 001880   111 S13c 001880 03/04/2019 03/04/2019 Libros 110-METAFI